000
00321 a2200133 4500
000
nam a22 7a 4500
100
_a
Taylor, J
110
_a
Taylor, J
245
_a
Encyclopaedia of World Criminal Justice Systems
250
_a
Latest edition
260
_b
Oxford
_c
2024
264
_b
Oxford
_c
2024
942
_c
BK
999
_c
396191
_d
396191